000 00378nam a2200133Ia 4500
008 151001s9999||||xx |||||||||||||| ||und||
100 _aभा ल महाबळ
245 _aरम्य स्त्री अगम्य स्त्री
250 _a1
260 _b"नवल प्रकाशन,पुणे"
260 _c2013
300 _a164
365 _b21
999 _c999814
_d999811